|
|
|
|
| LEADER |
02817cam a2200733 i 4500 |
| 001 |
nkc20243637075 |
| 003 |
CZ PrNK |
| 005 |
20250204085458.0 |
| 007 |
ta |
| 008 |
241008s2024 xr abc g 6 000 0bcze d |
| 015 |
|
|
|a cnb003637075
|
| 020 |
|
|
|a 978-80-7700-017-8
|q (vázáno)
|
| 035 |
|
|
|a (OCoLC)1498300122
|
| 040 |
|
|
|a KLG001
|b cze
|d OLA001
|e rda
|
| 041 |
1 |
|
|a cze
|h fre
|
| 043 |
|
|
|a e-uk-en
|a p------
|
| 045 |
|
|
|a v-v-
|
| 072 |
|
7 |
|a 91
|x Geografie jako věda. Výzkum. Cestování
|2 Konspekt
|9 7
|
| 072 |
|
7 |
|a 929
|x Biografie
|2 Konspekt
|9 8
|
| 080 |
|
|
|a 910.3/.4-051
|2 MRF
|
| 080 |
|
|
|a 910.3/.4
|2 MRF
|
| 080 |
|
|
|a 929
|2 MRF
|
| 080 |
|
|
|a (410.1)
|2 MRF
|
| 080 |
|
|
|a (9)+(5-11)+(7/8-15)
|2 MRF
|
| 080 |
|
|
|a (092)741.52
|2 MRF
|
| 080 |
|
|
|a (093)741.52
|2 MRF
|
| 100 |
1 |
|
|a Bollée, Laurent-Frédéric,
|d 1967-
|7 xx0260896
|4 aut
|
| 240 |
1 |
0 |
|a Appel du Pacifique.
|l Česky
|
| 245 |
1 |
0 |
|a James Cook.
|n 1. díl,
|p Volání Pacifiku /
|c scénář: LF Bollée ; kresba: Federico Nardo ; koncepce: Christian Clot ; přeložila: Jitka Musilová
|
| 246 |
3 |
0 |
|a Volání Pacifiku
|
| 250 |
|
|
|a 1. vydání
|
| 264 |
|
1 |
|a V Brně :
|b Lingea,
|c 2024
|
| 300 |
|
|
|a 47 stran, 8 nečíslovaných stran :
|b ilustrace (převážně barevné), mapy, portréty ;
|c 31 cm
|
| 336 |
|
|
|a text
|b txt
|2 rdacontent
|
| 336 |
|
|
|a statický obraz
|b sti
|2 rdacontent
|
| 337 |
|
|
|a bez média
|b n
|2 rdamedia
|
| 338 |
|
|
|a svazek
|b nc
|2 rdacarrier
|
| 490 |
1 |
|
|a Explora
|
| 500 |
|
|
|a Přeloženo z francouzštiny
|
| 504 |
|
|
|a Obsahuje bibliografii
|
| 546 |
|
|
|a Český text
|
| 600 |
1 |
7 |
|a Cook, James,
|d 1728-1779
|7 jn20000700325
|2 czenas
|
| 648 |
|
7 |
|a 18. století
|7 ch460556
|2 czenas
|
| 650 |
0 |
7 |
|a mořeplavci
|7 ph123017
|z Anglie
|y 18. století
|2 czenas
|
| 650 |
0 |
7 |
|a mořeplavectví
|7 ph115370
|y 18. století
|2 czenas
|
| 650 |
0 |
7 |
|a objevné cesty
|7 ph123592
|z Tichý oceán (oblast)
|y 18. století
|2 czenas
|
| 650 |
0 |
9 |
|a navigators
|z England
|y 18th century
|2 eczenas
|
| 650 |
0 |
9 |
|a seafaring
|y 18th century
|2 eczenas
|
| 650 |
0 |
9 |
|a exploring voyages
|z Pacific Ocean Region
|y 18th century
|2 eczenas
|
| 655 |
|
7 |
|a biografické komiksy
|7 fd1057461
|2 czenas
|
| 655 |
|
7 |
|a historické komiksy
|7 fd1057475
|2 czenas
|
| 655 |
|
9 |
|a biographical comics
|2 eczenas
|
| 655 |
|
9 |
|a historical comics
|2 eczenas
|
| 700 |
1 |
|
|a Nardo, Federico,
|d 1977-2021
|7 xx0324013
|4 ill
|
| 700 |
1 |
|
|a Clot, Christian,
|d 1972-
|7 xx0279228
|4 ccp
|
| 700 |
1 |
|
|a Musilová, Jitka
|7 jo2013740283
|4 trl
|
| 830 |
|
0 |
|a Explora
|0 s
|
| 910 |
2 |
|
|a BOA001
|b 4-1535.762,1
|
| 920 |
|
|
|a 1635233
|z KLG001
|
| 990 |
|
|
|a BK
|
| 995 |
|
|
|a 01
|
| 991 |
|
|
|b 202501
|c NOV
|
| 996 |
6 |
|
|b 2610989398
|c 4-1535.762,1
|l MZK
|r Sklad / do 1 hodiny
|n 0
|p p.v.
|w 001988750
|u 000010
|a 1
|e BOA001
|j MZK50
|s P
|
| 996 |
7 |
|
|b 2610989399
|c 4-1535.762,1
|l MZK
|r Sklad / do 1 hodiny
|n 4
|p p.v.
|w 001988750
|u 000020
|a 1
|e BOA001
|j MZK50
|s A
|